Joueurs français passés par Crystal Palace - Statistiques

Statistiques générales
  • Ce quiz a été pris 68 fois
    20 depuis la dernière actualisation
  • Le résultat moyen est 4 sur 18
Statistiques - réponses
Années Matchs Nom % Correct
2021- 152 Jean-Philippe Mateta
84%
2021-2024 90 Michael Olise
79%
2021- 103 Odsonne Edouard
58%
2015-2018 109 Yohan Cabaye
58%
2016-2017 10 Steve Mandanda
42%
2024- 43 Maxence Lacroix
37%
2017-2021 75 Mamadou Sakho
16%
2023- 31 Naouirou Ahamada
11%
2016-2017 8 Loïc Rémy
5%
2016-2017 13 Mathieu Flamini
5%
2009-2011 42 Alassane N'Diaye
0%
2002-2004 33 Cédric Berthelin
0%
2001-2002 1 Cédric Carasso
0%
2013-2014 1 Elliot Grandin
0%
2013 1 Florian Marange
0%
2008-2009 6 Léandre Griffit
0%
1997-1998 16 Valérien Ismaël
0%
2015 11 Yaya Sanogo
0%
Aucun quiz correspondant
Distribution des résultats
% des personnes avec chaque résultat
Percentile par nombre de réponses
Votre historique - résultats
Vous n’avez pas pris ce quiz depuis la dernière actualisation